Ohio General Knowledge - Statistics

General Stats
  • This quiz has been taken 138 times
  • The average score is 11 of 15
Answer Stats
Hint Answer % Correct
Major city touching Lake Erie Cleveland
94%
Capital city and home to Ohio State University Columbus
90%
Major river that runs through Cincinnati Ohio River
89%
Cleveland NFL team Browns
87%
Major city on the Kentucky border. Cincinnati
87%
First person to walk on the moon from Cincinnati Neil Armstrong
84%
Major city on the Michigan-Ohio border Toledo
83%
A PB and chocolate candy, Another state nickname Buckeye
81%
27th president, Known for getting stuck in the bath William Taft
71%
Above cities MLB team Reds
70%
Nickname: Birthplace of ________ Aviation
68%
Important museum in above city, ___ ___ ___ HOF Rock and Roll
65%
National park between Akron and Cleveland Cuyahoga Valley
46%
River that runs through downtown Columbus Scioto River
33%
Famous state song written in the 1900's Beautiful Ohio
14%
No matching quizzes found
Score Distribution
Percent of People with Each Score
Percentile by Number Answered
Your Score History
You have not taken this quiz